| 000 | 01092cam a2200313 i 4500 | ||
|---|---|---|---|
| 001 | 18806 | ||
| 003 | BD-RjUL | ||
| 005 | 20211209000334.0 | ||
| 008 | 140222s1981 mdu b 001 0 eng | ||
| 020 | _a0801824125 : | ||
| 020 | _a0801824133 (pbk.) : | ||
| 035 | _a(BD-RjUL)18864 | ||
| 040 |
_aDLC _cDLC _dDLC _dBD-RjUL _beng |
||
| 041 | _aeng | ||
| 082 | 0 | 0 |
_a338.4 _219 _bAUA 1981 |
| 100 | 1 |
_aAustin, James E. _918566 |
|
| 245 | 1 | 0 |
_aAgroindustrial project analysis / _cJames E. Austin. |
| 260 |
_aBaltimore : _bPublished for the Economic Development Institute of the World Bank [by] Johns Hopkins University Press, _cc1981. |
||
| 300 |
_ax, 213 p. : _bill ; _c23 cm. |
||
| 490 | 1 | _aEDI series in economic development | |
| 504 | _aBibliography: p. 199-208. | ||
| 504 | _aIncludes index. | ||
| 650 | 0 |
_aAgricultural industries. _957975 |
|
| 650 | 0 |
_aAgricultural development projects _xEvaluation. _919354 |
|
| 710 | 2 |
_aEconomic Development Institute (Washington, D.C.) _910527 |
|
| 830 | 0 |
_aEDI series in economic development. _9131110 |
|
| 942 |
_2ddc _cBK |
||
| 999 |
_c18806 _d18806 |
||